Manifiesto Dadá.

Guardado en:
Formato: Deslizar
Materias:
Etiquetas: Agregar Etiqueta
Sin Etiquetas, Sea el primero en etiquetar este registro!
LEADER 00774ngm a22002055g 4500
001 CEM.cems022908
008 130507b2009##################0###0#####d
005 20241126153042.0
245 0 0 |a Manifiesto Dadá. 
300 |a 15'. 
500 |a En soporte VHS, consultar en ventanilla. 
505 0 |a Video en alemán. El movimiento Dadá alemán surge después de la 1ra Guerra Mundial como reacción al pasado cultural, adoptando una postura ideológica izquierdista. 
538 |a Soporte: VHS - Norma: Pal N - Color: Si - Grabación DRD 2009 - Hitachi=4370 
082 7 5 |/ MON 
653 |a ARTE 
653 |a MANIFIESTO DADA 
653 |a DADA 
653 |a NIVEL PRIMARIO 
653 |a NIVEL SECUNDARIO 
859 |a CEMS  |b BIB. CEMS - Depto. Recursos Didacticos  |h 754  |i MON  |k DRD  |p 1551.12  |t Ej.1